000
00314pab a2200145 454500
008
180718b1986 xxu||||| |||| 00| 0 eng d
100
_a
Desai, H.B.
245
_a
Shipping at crossroads
260
_c
1986
300
_a
822-30
362
_a
26 Apr.
650
_a
Shipping
773
_a
Commerce
909
_a
18082
999
_c
18082
_d
18082